000 00626nam a2200217Ia 4500
005 20250508165016.0
008 008 250505s9999 xx 000 0 eng d
020 _a0-12-162880-9
037 _aTextual
040 _aFEDL
_beng
_cFEDL
041 _aeng
_2eng
084 _a155.413, CAS
_qFEDL
100 _aCase Robbie
245 0 _aIntellectual development : Birth to adulthood
260 _aNew York, USA
_bAcademic Press
_c1985
300 _axix,460p.
490 _aDevelopmental Psychology
546 _aAcc No. 086262 is MACESE book
942 _cTEXL
_h155.413, CAS
999 _c1392632
_d1392632